=LDR 00000nam 2200000 4500 =001 INLIS000000000008929 =005 20130612100742 =008 ***********************************Ind** =035 ##$$0010-061300000008929 =041 ##$$a Ind =082 ##$$a 635.095 =090 ##$$a 635.095, Her g =100 ##$$a Hernanto =245 ##$$a Garnish Fauna, Hiasan Buah =260 ##$$a 2001 $b Jakarta =300 ##$$a 114 hlm, ilus, 21 cm =650 ##$$a Garnissh Fauna =850 ##$$a NBPNMAT